Štatistické metódy ako nástroje zlepšovania

Enregistré dans:
Détails bibliographiques
Auteur principal: Lacko, Roman, 1988-
Format: Chapitre de livre
Langue:slovaque
Tags: Ajouter un tag
Pas de tags, Soyez le premier à ajouter un tag!

MARC

LEADER 00000nla a2200000 4500
001 0210402
005 20240502073513.7
041 0 |a slo 
044 |a SK 
245 1 0 |a Štatistické metódy ako nástroje zlepšovania  |c Roman Lacko 
500 |a Abstrakt 
100 1 |a Lacko, Roman, 1988-